000 00317nam a22001457a 4500
008 210426b ||||| |||| 00| 0 eng d
020 _a0080178685
041 _aeng
080 _a574
082 _a574
100 _a9
101 _aMJE
245 _aThe Ecological Transition
_cJohn W. Bennett
942 _2udc
_cBK
999 _c56755
_d56755